Airport codes CLTS - Statistics

General Stats
  • This quiz has been taken 472 times
  • The average score is 53 of 121
Answer Stats
Hint Answer % Correct
London Heathrow LHR
92%
Amsterdam AMS
91%
Los Angeles LAX
91%
Lisbon LIS
91%
Madrid MAD
91%
Miami MIA
91%
JFK New York JFK
89%
Las Vegas LAS
88%
Athens ATH
87%
Sydney SYD
87%
Vienna VIE
86%
Cairo CAI
85%
Istanbul IST
85%
Melbourne MEL
85%
Paris Charles De Gaulle CDG
84%
Singapore SIN
84%
Brussels BRU
82%
Warsaw WAW
81%
Barcelona BCN
80%
Bangkok BKK
79%
Doha DOH
79%
Amman AMM
78%
Perth PER
77%
Guangzhou CAN
76%
New Delhi DEL
76%
Dubai DXB
76%
Munich MUC
75%
Cancun CUN
74%
Hong Kong HKG
73%
Adelaide ADL
72%
Rome FCO
72%
Narita (Tokyo) NRT
72%
Prague PRG
72%
Auckland AKL
71%
Venice VCE
71%
Geneva GVA
67%
Bahrain BAH
66%
Cebu CEB
66%
Milan MXP
66%
Orlando Int MCO
65%
Kuala Lumpar KUL
64%
Hyderabad HYD
60%
Abu Dhabi AUH
59%
Tokyo Int HND
58%
Berlin TXL
56%
Penang PEN
55%
Bali Denpasar DPS
53%
Brisbane BNE
52%
Colombo CMB
51%
Muscat MCT
51%
Wellington WLG
51%
Metro Manila MNL
50%
Shanghai PVG
50%
Darwin DRW
48%
Belgrade BEG
47%
Maldives MLE
46%
Canberra CBR
44%
Kuwait KWI
44%
Jakarta CGK
42%
Christchurch CHC
42%
Phuket HKT
41%
Kansai Int KIX
41%
Cairns CNS
40%
Chennai MAA
40%
Zamboanga ZAM
39%
Rotorua ROT
34%
Gold Coast OOL
32%
Ipoh IPH
31%
Kuantan KUA
31%
Mauritius MRU
30%
Marrakech RAK
30%
Davao DVO
29%
Punta Cana PUJ
29%
Sharm El Sheikh SSH
28%
Goa GOI
27%
Langkawi LGK
27%
Seychelles SEZ
27%
Laoag LAO
25%
New Plymouth NPL
25%
Tauranga TRG
25%
Queenstown ZQN
25%
Beijing BJS
23%
Osaka Int ITM
23%
Dunedin DUD
22%
Hobart HBA
22%
Puerto Plata POP
22%
Koh Samui USM
22%
Udon Thani UTH
22%
Kuching KCH
20%
Nelson NSN
20%
Townsville TSV
18%
Krabi KBV
16%
Nakhon Si Thammarat NST
16%
Tawau TWU
16%
Blenheim BHE
13%
Chiang Mai CNX
12%
Johor Bahru JHB
12%
Kalibo KLO
12%
Kota Kinabalu BKI
10%
Invercargill IVC
10%
Kuala Terrengganu TGG
10%
Chiang Rai CEI
9%
General Santos GES
9%
Khon Kaen KKC
9%
Surat Thani URT
9%
Hat Yai HDY
8%
Miri MYY
8%
Puerto Princesa PPS
8%
Palmerston North PMR
7%
Hua Hin HHQ
6%
Hamilton HLZ
6%
Hawkes Bay NPE
6%
Morong SFS
6%
Koh Chang/Koh Kood TDX
5%
Ubon Ratchathani UBP
5%
Angeles CRK
4%
Santa Barbara ILO
4%
Subang SZB
4%
Malacca MKZ
3%
Pattaya PYX
3%
Trang TST
3%
No matching quizzes found
Score Distribution
Percent of People with Each Score
Percentile by Number Answered
Your Score History
You have not taken this quiz